On This Day: March 11th Quiz Stats

 Plays Quiz Updated Jul 26, 2017

Support Sporcle.
Go Orange.
Score 0/7 Timer 03:00
1 Play Today
Question Answer Wrong Answers
This former Beatle is knighted by Queen Elizabeth II.
1997
Paul McCartney
84.3%
Ringo Starr
3.3%
John Lennon
5%
George Harrison
3.4%
Mount Etna erupts, killing 15,000 people on this island.
1669
Sicily
74.2%
Corsica
8.6%
Sardinia
5.6%
Crete
11.5%
The author of Hitchhiker's Guide to the Galaxy, _____, is born.
1952
Douglas Adams
72.2%
Terry Pratchett
7.4%
Neil Gaiman
6.2%
Isaac Asimov
12%
This man wins Best Actor in a Drama for his performance in Lilies of the Field at the 21st Golden Globe Awards.
1964
Sidney Poitier
70.2%
Marlon Brando
10%
Steve McQueen
5.3%
Gregory Peck
11.1%
The Flagstaff War, a challenge against British authority, begins in this territory.
1845
New Zealand
63.2%
Samoa
10.4%
Papua New Guinea
20.4%
Tuvalu
4.6%
This play premieres, the first on Broadway that was written by a black woman.
1959
A Raisin in the Sun
45.5%
A Streetcar Named Desire
6%
The Color Purple
39.8%
The Wiz
5.7%
This European country declares independence, becoming the first Soviet republic to do so.
1990
Lithuania
33.3%
Latvia
18.6%
Ukraine
39.3%
Armenia
5.2%

You're not logged in!

Compare scores with friends on all Sporcle quizzes.
OR
Log In
Forgot?

From the Vault

Complete the 5-Letter Word V

by Purple_Parrot

This is the 5th 'Complete the 5-Letter Word' quiz we've done. There HAS to be an Inception joke here somewhere.
Remove Ads.
Support Sporcle.
Get the best of Sporcle when you Go Orange. This ad-free experience offers more features, more stats, and more fun while also helping to support Sporcle. Thank you for becoming a member.

Show Comments

Extras

Top Quizzes Today


Score Distribution

Your Account Isn't Verified!

In order to create a playlist on Sporcle, you need to verify the email address you used during registration. Go to your Sporcle Settings to finish the process.

Report this User

Report this user for behavior that violates our Community Guidelines.

Details: